10 największych miast w lubuskim - Statystyki

Ogólne statystyki
  • Ten quiz został rozwiązany 88 razy
  • Średni wynik to 7 z 10
Statystyki odpowiedzi
Liczba ludności Miasto % Poprawnych
140 874 Zielona Góra
100%
123 691 Gorzów Wielkopolski
99%
38 763 Nowa Sól
83%
37 502 Żary
76%
25 731 Żagań
72%
21 736 Świebodzin
67%
17 994 Międzyrzecz
61%
16 705 Słubice
61%
17 778 Kostrzyn
49%
16 831 Sulechów
49%
Nie znaleziono quizów pasujących do podanych kryteriów
Rozkład punktacji
Procent ludzi z każdym wynikiem
Percentyl według liczby udzielonych odpowiedzi
Twoja historia wyników
Nie rozwiązałeś tego quizu